00591cam a2200193 a 450000100100000000500170001000800410002702000150006804000250008308200180010810000380012624500470016426000370021130000210024849000340026965000220030365000360032583000360036100000935920200929161551.0770518s1976 sp 000 f spa  a8432203033 aDO-SdBNPcDLCdBNPHU aV863.44bU86o1 aUslar Pietri, Arturo,d1906-2001.10aOficio de difuntos /cArturo Uslar Pietri. aBarcelona :bSeix Barral,c1976. a351 p. ;c20 cm.1 aBiblioteca brevev419aNovela 4aNovela venezolana 4aLiteratura venezolanaySIGLO XX 0aBiblioteca breve ;v419pNovela